|
|
|
|
| LEADER |
03496nam a22005535i 4500 |
| 001 |
978-0-387-46274-5 |
| 003 |
DE-He213 |
| 005 |
20151204191320.0 |
| 007 |
cr nn 008mamaa |
| 008 |
100301s2007 xxu| s |||| 0|eng d |
| 020 |
|
|
|a 9780387462745
|9 978-0-387-46274-5
|
| 024 |
7 |
|
|a 10.1007/978-0-387-46274-5
|2 doi
|
| 040 |
|
|
|d GrThAP
|
| 050 |
|
4 |
|a QA76.9.D35
|
| 072 |
|
7 |
|a UMB
|2 bicssc
|
| 072 |
|
7 |
|a URY
|2 bicssc
|
| 072 |
|
7 |
|a COM031000
|2 bisacsh
|
| 082 |
0 |
4 |
|a 005.74
|2 23
|
| 100 |
1 |
|
|a Wang, Lingyu.
|e author.
|
| 245 |
1 |
0 |
|a Preserving Privacy in On-Line Analytical Processing (OLAP)
|h [electronic resource] /
|c by Lingyu Wang, Sushil Jajodia, Duminda Wijesekera.
|
| 264 |
|
1 |
|a Boston, MA :
|b Springer US,
|c 2007.
|
| 300 |
|
|
|a XII, 180 p. 20 illus.
|b online resource.
|
| 336 |
|
|
|a text
|b txt
|2 rdacontent
|
| 337 |
|
|
|a computer
|b c
|2 rdamedia
|
| 338 |
|
|
|a online resource
|b cr
|2 rdacarrier
|
| 347 |
|
|
|a text file
|b PDF
|2 rda
|
| 490 |
1 |
|
|a Advances in Information Security,
|x 1568-2633 ;
|v 29
|
| 505 |
0 |
|
|a OLAP and Data Cubes -- Inference Control in Statistical Databases -- Inferences in Data Cubes -- Cardinality-based Inference Control -- Parity-based Inference Control for Range Queries -- Lattice-based Inference Control in Data Cubes -- Query-driven Inference Control in Data Cubes -- Conclusion and Future Direction.
|
| 520 |
|
|
|a On-Line Analytic Processing (OLAP) systems usually need to meet two conflicting goals. First, the sensitive data stored in underlying data warehouses must be kept secret. Second, analytical queries about the data must be allowed for decision support purposes. The main challenge is that sensitive data can be inferred from answers to seemingly innocent aggregations of the data. Existing inference control methods in statistical databases usually exhibit high performance overhead and limited effectiveness when applied to OLAP systems. Preserving Privacy in On-Line Analytical Processing reviews a series of methods that can precisely answer data cube-style OLAP queries regarding sensitive data while provably preventing adversaries from inferring the data. How to keep the performance overhead of these security methods at a reasonable level is also addressed. Achieving a balance between security, availability, and performance is shown to be feasible in OLAP systems. Preserving Privacy in On-Line Analytical Processing is designed for the professional market, composed of practitioners and researchers in industry. This book is also appropriate for graduate-level students in computer science and engineering. .
|
| 650 |
|
0 |
|a Computer science.
|
| 650 |
|
0 |
|a Computer communication systems.
|
| 650 |
|
0 |
|a Data structures (Computer science).
|
| 650 |
|
0 |
|a Data encryption (Computer science).
|
| 650 |
|
0 |
|a Database management.
|
| 650 |
1 |
4 |
|a Computer Science.
|
| 650 |
2 |
4 |
|a Data Structures, Cryptology and Information Theory.
|
| 650 |
2 |
4 |
|a Data Encryption.
|
| 650 |
2 |
4 |
|a Database Management.
|
| 650 |
2 |
4 |
|a Information Systems Applications (incl. Internet).
|
| 650 |
2 |
4 |
|a Computer Communication Networks.
|
| 700 |
1 |
|
|a Jajodia, Sushil.
|e author.
|
| 700 |
1 |
|
|a Wijesekera, Duminda.
|e author.
|
| 710 |
2 |
|
|a SpringerLink (Online service)
|
| 773 |
0 |
|
|t Springer eBooks
|
| 776 |
0 |
8 |
|i Printed edition:
|z 9780387462738
|
| 830 |
|
0 |
|a Advances in Information Security,
|x 1568-2633 ;
|v 29
|
| 856 |
4 |
0 |
|u http://dx.doi.org/10.1007/978-0-387-46274-5
|z Full Text via HEAL-Link
|
| 912 |
|
|
|a ZDB-2-SCS
|
| 950 |
|
|
|a Computer Science (Springer-11645)
|